| 000 | 02457cam a22002054a 4500 | ||
|---|---|---|---|
| 005 | 20250605163944.0 | ||
| 008 | 250528s ||||||||||||||||||||||||d | ||
| 035 | _a15157 | ||
| 020 | _a155413368 | ||
| 040 |
_aGR-AtMCL _bgre _dGR-AtMCL _eAACR2 |
||
| 245 | 1 | _aInternational Business / A New Era | |
| 260 |
_bHarcourt Brace Jovanovich, Publishers, _c1991 |
||
| 300 | _a544 | ||
| 505 | 0 | _aThe International Business Environment, Introduction to the Environment of International Business, International Business and Trade Concepts, The Sociocultural Environment of International Business, The Government and Regulatory Environment, The Government and Regulatory Environment, International Agreements and Organizations, Political Risk, International Comparative Environments, Developing Countries and International Business, Japanese Business and Management, East-West Trade, International Monetary Environment, International Monetary System, International Capital Markets, International Marketing, International Marketing Research, International Product Development and Pricing, International Distribution and Promotion, International Finance, International Commercial Transactions, International Financial Management, International Accounting and Taxation, Management Strategies, Organization and Strategy and Staffing, International Technology Transfer, The Future. | |
| 520 | _aThe International Business Environment, Introduction to the Environment of International Business, International Business and Trade Concepts, The Sociocultural Environment of International Business, The Government and Regulatory Environment, The Government and Regulatory Environment, International Agreements and Organizations, Political Risk, International Comparative Environments, Developing Countries and International Business, Japanese Business and Management, East-West Trade, International Monetary Environment, International Monetary System, International Capital Markets, International Marketing, International Marketing Research, International Product Development and Pricing, International Distribution and Promotion, International Finance, International Commercial Transactions, International Financial Management, International Accounting and Taxation, Management Strategies, Organization and Strategy and Staffing, International Technology Transfer, The Future. | ||
| 700 | 1 |
_aMatsuura F. Nanshi _91017 |
|
| 942 | _cBK | ||
| 999 |
_c751 _d751 |
||